000 00199nam a2200097Ia 4500
008 190216s9999||||xx |||||||||||||| ||und||
100 _aCherukad
245 0 _aDr.Kachan
260 _bNull
942 _cBK
999 _c25112
_d25112